[Event "37. Open Barberá del Vallés 2014"]
[Site "Barberá del Vallés ESP"]
[Date "2014.07.06"]
[Round "3.11"]
[White "Larsen, Karsten"]
[Black "Gomez Ledo, Roberto Carlos"]
[Result "1/2-1/2"]
[WhiteElo "2265"]
[BlackElo "2429"]
[PlyCount "60"]
[EventDate "2014.07.04"]
[EventType "swiss"]
[EventRounds "9"]
[EventCountry "ESP"]
[Source "lmi"]
[SourceDate "2014.07.04"]

1. Nf3 d5 2. g3 c6 3. Bg2 Nf6 4. O-O h6 5. d3 Bf5 6. b3 e6 7. Bb2 Be7 8. c4 O-O
9. Nc3 Bh7 10. Qc2 a5 11. Rac1 Na6 12. Qb1 Re8 13. Qa1 d4 14. Nb1 c5 15. Na3
Nc7 16. Nd2 Qb8 17. Qb1 Nd7 18. Qc2 Bf8 19. e4 dxe3 20. fxe3 Na6 21. Ne4 Nb4
22. Qe2 f5 23. Nc3 e5 24. Rcd1 Nf6 25. Nab5 Bg6 26. a3 Bh5 27. Bf3 Bxf3 28.
Qxf3 Nxd3 29. Rxd3 e4 30. Qxf5 exd3 1/2-1/2

[Event "37. Open Barberá del Vallés 2014"]
[Site "Barberá del Vallés ESP"]
[Date "2014.07.06"]
[Round "3.12"]
[White "Mascaro March, Pedro"]
[Black "Perez Manas, Benjamin"]
[Result "1-0"]
[WhiteElo "2417"]
[BlackElo "2290"]
[PlyCount "35"]
[EventDate "2014.07.04"]
[EventType "swiss"]
[EventRounds "9"]
[EventCountry "ESP"]
[Source "lmi"]
[SourceDate "2014.07.04"]

1. d4 d5 2. Nf3 Nc6 3. Bf4 Bg4 4. e3 e6 5. Be2 Bd6 6. Bg3 Nge7 7. Nbd2 Nf5 8.
Bxd6 Qxd6 9. O-O O-O 10. c4 dxc4 11. Nxc4 Qd5 12. Rc1 Nd6 13. h3 Bf5 14. b3
Rfd8 15. Nce5 Nxe5 16. Rc5 Qe4 17. Nxe5 c6 18. g4 1-0

[Event "37. Open Barberá del Vallés 2014"]
[Site "Barberá del Vallés ESP"]
[Date "2014.07.06"]
[Round "3.13"]
[White "Martinez Alcantara, Jose Eduar"]
[Black "Cruz, Filemon"]
[Result "0-1"]
[WhiteElo "2295"]
[BlackElo "2412"]
[PlyCount "138"]
[EventDate "2014.07.04"]
[EventType "swiss"]
[EventRounds "9"]
[EventCountry "ESP"]
[Source "lmi"]
[SourceDate "2014.07.04"]

1. e4 e5 2. Nf3 Nc6 3. Bb5 g6 4. O-O Bg7 5. c3 d5 6. d4 dxe4 7. Nxe5 Nge7 8.
Nd2 O-O 9. Bxc6 Nxc6 10. Nxc6 bxc6 11. Nxe4 Qd5 12. Nc5 g5 13. Re1 h6 14. Qb3
Bf5 15. Qxd5 cxd5 16. Bd2 a5 17. f3 a4 18. h4 gxh4 19. Bf4 Rfc8 20. Kf2 h5 21.
Re7 Rcb8 22. Re2 Ra7 23. Rae1 Bf8 24. Rh1 Bxc5 25. dxc5 Bd3 26. Rd2 Bc4 27.
Rxh4 Bxa2 28. Be5 Bc4 29. Rxh5 f6 30. Bxf6 Kf7 31. Bd4 Rab7 32. Rh7+ Ke6 33. b4
c6 34. Rh6+ Kf7 35. Rf6+ Kg8 36. Rxc6 a3 37. Rg6+ Kh7 38. Rg4 Rg8 39. Rh4+ Kg6
40. c6 Rbb8 41. Rh1 Rgc8 42. c7 Ra8 43. Bb6 Ra4 44. Ra1 a2 45. Ke3 Kf5 46. Kd4
Ke6 47. f4 Kd6 48. Ke3 Ra3 49. Rc2 Kc6 50. Ba5 Re8+ 51. Kf2 Kb5 52. Rb2 Ra8 53.
f5 Rxc3 54. Raxa2 Bxa2 55. Rxa2 Rxc7 56. Rd2 Rd7 57. g4 d4 58. Kf3 Re8 59. f6
d3 60. g5 Re5 61. Kg4 Rdd5 62. Kf4 Kc4 63. Bc7 Rxg5 64. Bd8 Kd4 65. Bb6+ Kc3
66. Be3 Rdf5+ 67. Ke4 Re5+ 68. Kf4 Rgf5+ 69. Kg4 Rxf6 0-1

[Event "37. Open Barberá del Vallés 2014"]
[Site "Barberá del Vallés ESP"]
[Date "2014.07.06"]
[Round "3.14"]
[White "Sanchez Enriquez, Oscar Gerard"]
[Black "Ramirez Garcia, Jorge Alberto"]
[Result "1/2-1/2"]
[WhiteElo "2401"]
[BlackElo "2260"]
[PlyCount "60"]
[EventDate "2014.07.04"]
[EventType "swiss"]
[EventRounds "9"]
[EventCountry "ESP"]
[Source "lmi"]
[SourceDate "2014.07.04"]

1. c4 e5 2. Nc3 d6 3. e3 g6 4. d4 Bg7 5. d5 f5 6. h4 Nf6 7. Be2 O-O 8. h5 a5 9.
hxg6 hxg6 10. Nf3 Na6 11. Ng5 Nc5 12. e4 Nfxe4 13. Ngxe4 Nxe4 14. Nxe4 fxe4 15.
Be3 a4 16. Bg4 Qf6 17. Bxc8 Rfxc8 18. Qg4 Qf5 19. Qh4 Kf7 20. O-O-O Rh8 21. Qg3
Rxh1 22. Rxh1 Rh8 23. Rxh8 Bxh8 24. Qh4 Qc8 25. Qxe4 Bf6 26. g4 Qa8 27. Kc2 Qa6
28. g5 Be7 29. Qg4 Kg7 30. b3 axb3+ 1/2-1/2

[Event "37. Open Barberá del Vallés 2014"]
[Site "Barberá del Vallés ESP"]
[Date "2014.07.06"]
[Round "3.15"]
[White "Das, Sayantan"]
[Black "Coimbra, Margarida"]
[Result "1-0"]
[WhiteElo "2381"]
[BlackElo "2071"]
[PlyCount "41"]
[EventDate "2014.07.04"]
[EventType "swiss"]
[EventRounds "9"]
[EventCountry "ESP"]
[Source "lmi"]
[SourceDate "2014.07.04"]

1. e4 e5 2. Nf3 Nc6 3. Bb5 a6 4. Ba4 Nf6 5. O-O b5 6. Bb3 Bc5 7. a4 Bb7 8. d3
d6 9. Nc3 b4 10. Nd5 h6 11. Be3 Bxe3 12. Nxf6+ Qxf6 13. fxe3 O-O 14. Qe1 Qg6
15. Nh4 Qh7 16. Rf3 Rae8 17. Qf2 Nd8 18. Rf1 Re7 19. Nf5 Rd7 20. Nxg7 Kxg7 21.
Rg3+ 1-0

[Event "37. Open Barberá del Vallés 2014"]
[Site "Barberá del Vallés ESP"]
[Date "2014.07.06"]
[Round "3.16"]
[White "Palit, Somak"]
[Black "Dalo, Hermes"]
[Result "1-0"]
[WhiteElo "2411"]
[BlackElo "2226"]
[PlyCount "99"]
[EventDate "2014.07.04"]
[EventType "swiss"]
[EventRounds "9"]
[EventCountry "ESP"]
[Source "lmi"]
[SourceDate "2014.07.04"]

1. e4 c5 2. Nf3 d6 3. Bc4 Nf6 4. d3 Nc6 5. c3 e6 6. Bb3 Be7 7. O-O O-O 8. Re1
e5 9. Nbd2 Qc7 10. Nf1 h6 11. Ng3 Re8 12. Nh4 Bf8 13. Nhf5 Bxf5 14. Nxf5 Ne7
15. Nh4 g5 16. Qf3 Bg7 17. Nf5 Nxf5 18. Qxf5 b5 19. h4 Nh7 20. Bd5 Rac8 21.
hxg5 hxg5 22. Bxg5 Nxg5 23. Qxg5 Qe7 24. Qh5 c4 25. Re3 Rc5 26. Rf3 Rxd5 27.
exd5 cxd3 28. Rxd3 e4 29. Rh3 Qf6 30. Qh7+ Kf8 31. Re1 Re5 32. Rxe4 Rxd5 33.
Rhe3 Rd1+ 34. Kh2 Qh6+ 35. Qxh6 Bxh6 36. Re1 Rd2 37. R1e2 Rd5 38. g3 a5 39. Rd4
Rxd4 40. cxd4 Bg7 41. d5 Bd4 42. Kh3 Kg7 43. f4 Kf6 44. g4 a4 45. b3 axb3 46.
axb3 b4 47. Kg3 Ba1 48. Kf3 Bc3 49. g5+ Kg7 50. Kg4 1-0

[Event "37. Open Barberá del Vallés 2014"]
[Site "Barberá del Vallés ESP"]
[Date "2014.07.06"]
[Round "3.17"]
[White "Iagar, Razvan-Gabriel"]
[Black "Gomez Garrido, Camilo Ernesto"]
[Result "0-1"]
[WhiteElo "2168"]
[BlackElo "2495"]
[PlyCount "100"]
[EventDate "2014.07.04"]
[EventType "swiss"]
[EventRounds "9"]
[EventCountry "ESP"]
[Source "lmi"]
[SourceDate "2014.07.04"]

1. d4 d5 2. c4 c6 3. cxd5 cxd5 4. Nc3 e5 5. e4 dxe4 6. dxe5 Qxd1+ 7. Kxd1 Bg4+
8. Be2 Bxe2+ 9. Ngxe2 Nc6 10. Bf4 f5 11. exf6 Nxf6 12. a3 Bc5 13. Bg5 O-O-O+
14. Kc2 Rhe8 15. Bh4 Rd7 16. h3 h6 17. Rad1 Rf7 18. b4 Bf8 19. Nd4 g5 20. Bg3
Nh5 21. Nxc6 bxc6 22. Rhe1 e3 23. Re2 Kb7 24. Rde1 exf2 25. Rxf2 Rxf2+ 26. Bxf2
Rxe1 27. Bxe1 Nf4 28. Ne4 Nxg2 29. Bd2 a5 30. Kb3 axb4 31. axb4 Be7 32. Kc4 Kb6
33. Ng3 Nh4 34. Be3+ Ka6 35. Bd4 Bf8 36. Bc3 Ng6 37. Ne4 Nf4 38. Nf2 Be7 39.
Bd2 Ng6 40. Bc3 h5 41. Ne4 Nf4 42. Nf2 Ne6 43. Ne4 h4 44. Bb2 Bd8 45. Nc5+ Nxc5
46. Kxc5 Kb7 47. b5 cxb5 48. Kxb5 g4 49. hxg4 h3 50. Be5 Bc7 0-1

[Event "37. Open Barberá del Vallés 2014"]
[Site "Barberá del Vallés ESP"]
[Date "2014.07.06"]
[Round "3.18"]
[White "Del Amo Carbo, Jordi"]
[Black "Cruz, Jonathan"]
[Result "0-1"]
[WhiteElo "2112"]
[BlackElo "2471"]
[PlyCount "116"]
[EventDate "2014.07.04"]
[EventType "swiss"]
[EventRounds "9"]
[EventCountry "ESP"]
[Source "lmi"]
[SourceDate "2014.07.04"]

1. d4 Nf6 2. c4 c5 3. d5 b5 4. cxb5 a6 5. bxa6 g6 6. Nc3 Bxa6 7. Nf3 d6 8. g3
Bg7 9. Bg2 O-O 10. O-O Nbd7 11. Rb1 Qa5 12. Qc2 Nb6 13. Nd2 c4 14. b4 cxb3 15.
Nxb3 Qb4 16. a3 Qc4 17. Na5 Qc7 18. Qd2 Nc4 19. Nxc4 Qxc4 20. Bb2 Nd7 21. Ba1
Ne5 22. Rfc1 Qc5 23. a4 Qa5 24. Qd1 Bc4 25. Be4 f5 26. Bg2 f4 27. Ne4 Qa6 28.
Bf1 fxg3 29. hxg3 Qxa4 30. Qd2 Ba2 31. Rb4 Qa5 32. Bc3 Qxd5 33. Qxd5+ Bxd5 34.
Bg2 Kh8 35. Bxe5 Bxe5 36. Rc7 Ra1+ 37. Kh2 Bxe4 38. Rxe4 Rxf2 39. Rxe7 Ra3 40.
Rc4 Bxg3+ 41. Kh3 Be5+ 42. Bf3 Rh2+ 43. Kg4 Rh4+ 44. Kxh4 Bf6+ 45. Kg3 Bxe7 46.
Rc8+ Kg7 47. Ra8 Rxa8 48. Bxa8 h5 49. Bc6 Bf6 50. Be8 Be5+ 51. Kh4 Kh6 52. Bf7
g5+ 53. Kh3 g4+ 54. Kg2 Kg5 55. e3 h4 56. Be6 h3+ 57. Kg1 Kh4 58. e4 Bd4+ 0-1

[Event "37. Open Barberá del Vallés 2014"]
[Site "Barberá del Vallés ESP"]
[Date "2014.07.06"]
[Round "3.19"]
[White "Lorenzo De La Riva, Lazaro"]
[Black "Hagesather, Ellen"]
[Result "1-0"]
[WhiteElo "2426"]
[BlackElo "2182"]
[PlyCount "83"]
[EventDate "2014.07.04"]
[EventType "swiss"]
[EventRounds "9"]
[EventCountry "ESP"]
[Source "lmi"]
[SourceDate "2014.07.04"]

1. Nf3 f5 2. d3 d5 3. g3 Nf6 4. Bg2 e6 5. O-O Bd6 6. Nc3 e5 7. e4 fxe4 8. dxe4
d4 9. Nb5 O-O 10. c3 dxc3 11. bxc3 Be6 12. Nxd6 cxd6 13. Ba3 Nc6 14. Bxd6 Re8
15. Nxe5 Nxe5 16. Bxe5 Bc4 17. Qxd8 Raxd8 18. Bxf6 gxf6 19. Rfd1 Rxd1+ 20. Rxd1
Bxa2 21. Ra1 Bc4 22. Rxa7 Rd8 23. Ra1 Rd2 24. Bf1 Be6 25. Rb1 Rc2 26. Rxb7 Rxc3
27. Rb1 Bg4 28. Re1 Kg7 29. Be2 Bd7 30. f3 Kf7 31. Kf2 Bc6 32. Rd1 Rc2 33. Ke3
h6 34. Rd2 Rc1 35. Kf4 Rc5 36. h4 Ke7 37. Ra2 Be8 38. Ra7+ Ke6 39. Bd1 h5 40.
Bb3+ Kd6 41. Ra6+ Ke7 42. Re6+ 1-0

[Event "37. Open Barberá del Vallés 2014"]
[Site "Barberá del Vallés ESP"]
[Date "2014.07.06"]
[Round "3.20"]
[White "Bergez, Luc"]
[Black "Jordan Arenas, Manuel"]
[Result "1-0"]
[WhiteElo "2368"]
[BlackElo "2175"]
[PlyCount "65"]
[EventDate "2014.07.04"]
[EventType "swiss"]
[EventRounds "9"]
[EventCountry "ESP"]
[Source "lmi"]
[SourceDate "2014.07.04"]

1. e4 e5 2. Nf3 Nc6 3. Bc4 Bc5 4. c3 Nf6 5. d3 O-O 6. Nbd2 d5 7. Bb3 dxe4 8.
dxe4 Qe7 9. O-O Be6 10. Nh4 g6 11. Qf3 Nh5 12. Nf5 Qf6 13. Ne3 Qxf3 14. Nxf3
Bxb3 15. axb3 Nf6 16. b4 Bb6 17. Nc4 Nxe4 18. b5 Ne7 19. Nfxe5 Rfd8 20. Ra4 Nc5
21. Ra3 f6 22. Nf3 Ne4 23. Be3 Bxe3 24. fxe3 Rd5 25. Nd4 c5 26. bxc6 Nxc6 27.
Nb6 Rad8 28. Nxd5 Rxd5 29. Nxc6 bxc6 30. Rxa7 Rd2 31. Rfa1 Rxb2 32. Re7 f5 33.
Ra8+ 1-0

[Event "37. Open Barberá del Vallés 2014"]
[Site "Barberá del Vallés ESP"]
[Date "2014.07.06"]
[Round "3.21"]
[White "Sardana, Rishi"]
[Black "Garcia Marin, Guillem"]
[Result "1-0"]
[WhiteElo "2363"]
[BlackElo "2099"]
[PlyCount "107"]
[EventDate "2014.07.04"]
[EventType "swiss"]
[EventRounds "9"]
[EventCountry "ESP"]
[Source "lmi"]
[SourceDate "2014.07.04"]

1. e4 c5 2. Nf3 Nc6 3. Bb5 d6 4. O-O Bd7 5. Re1 Nf6 6. h3 e5 7. c3 a6 8. Bf1
Be7 9. d4 O-O 10. d5 Na7 11. Nxe5 dxe5 12. d6 Bc6 13. dxe7 Qxe7 14. Qc2 Nb5 15.
Bg5 Nd6 16. Nd2 Qe6 17. f4 Nd7 18. f5 Qe8 19. Rad1 f6 20. Nc4 Nxc4 21. Bxc4+
Kh8 22. Be3 Qe7 23. Bd5 Rac8 24. Qb3 Nb8 25. Bxc6 Nxc6 26. Qb6 Nb8 27. Rd5 Rc6
28. Bxc5 Qf7 29. Qb3 Rg8 30. Ba7 Rcc8 31. Bxb8 Rxb8 32. Red1 Qh5 33. Qc4 g6 34.
fxg6 Qxg6 35. Qe2 Rg7 36. Rd8+ Rxd8 37. Rxd8+ Rg8 38. Rd6 Qg5 39. Qd2 Qg6 40.
Qf2 Rf8 41. Qf3 Qg5 42. Kh2 Qg6 43. c4 Rf7 44. c5 Kg7 45. b4 Kf8 46. c6 Kg7 47.
a3 bxc6 48. Rxc6 a5 49. b5 Rb7 50. b6 Qf7 51. Qg4+ Kh6 52. Qf5 Kg7 53. Qc8 Kg6
54. Rc7 1-0

[Event "37. Open Barberá del Vallés 2014"]
[Site "Barberá del Vallés ESP"]
[Date "2014.07.06"]
[Round "3.22"]
[White "Sos Andreu, Eric"]
[Black "Saez Coma, Alejandro"]
[Result "1-0"]
[WhiteElo "2345"]
[BlackElo "2097"]
[PlyCount "85"]
[EventDate "2014.07.04"]
[EventType "swiss"]
[EventRounds "9"]
[EventCountry "ESP"]
[Source "lmi"]
[SourceDate "2014.07.04"]

1. d4 Nf6 2. c4 e6 3. g3 Bb4+ 4. Bd2 Qe7 5. Nf3 Nc6 6. Nc3 Bxc3 7. Bxc3 Ne4 8.
Rc1 O-O 9. Bg2 d6 10. O-O Nxc3 11. Rxc3 e5 12. d5 Nb8 13. c5 Bf5 14. Qb3 Na6
15. cxd6 cxd6 16. Nh4 Bg4 17. f3 Bc8 18. e4 Nc5 19. Qc2 g5 20. Nf5 Bxf5 21.
exf5 f6 22. b4 Na6 23. a3 Qd8 24. Rc1 Qb6+ 25. Qf2 Qd8 26. Bf1 Qd7 27. Qc2 Qd8
28. Kg2 Rf7 29. Bd3 Qb6 30. Rc4 Rd8 31. Qf2 Qb5 32. Rc8 Qxd3 33. Rxd8+ Kg7 34.
Rcc8 Qxd5 35. Rg8+ Kh6 36. h4 Rg7 37. Rxg7 Kxg7 38. hxg5 fxg5 39. g4 b6 40. Qc2
Kf6 41. Qc4 Qd2+ 42. Kh3 Nc5 43. Rf8+ 1-0

[Event "37. Open Barberá del Vallés 2014"]
[Site "Barberá del Vallés ESP"]
[Date "2014.07.06"]
[Round "3.23"]
[White "Pozanco Romasanta, Marc"]
[Black "Martinez Ramirez, Erik"]
[Result "1/2-1/2"]
[WhiteElo "2088"]
[BlackElo "2324"]
[PlyCount "103"]
[EventDate "2014.07.04"]
[EventType "swiss"]
[EventRounds "9"]
[EventCountry "ESP"]
[Source "lmi"]
[SourceDate "2014.07.04"]

1. d4 d5 2. c4 e5 3. dxe5 d4 4. Nf3 Nc6 5. g3 Nge7 6. Bg2 Ng6 7. O-O Be7 8. e3
dxe3 9. Bxe3 Qxd1 10. Rxd1 Ncxe5 11. Nxe5 Nxe5 12. Bd4 Nxc4 13. Bxg7 Rg8 14.
Bd4 c6 15. b3 Nb6 16. Nc3 Be6 17. Rac1 Rd8 18. Ne4 Rg6 19. Bc5 Rxd1+ 20. Rxd1
f5 21. Nd6+ Bxd6 22. Bxd6 Kf7 23. Bf3 Rg8 24. Bh5+ Kf6 25. Rd4 Bd5 26. Rb4 Kg5
27. Rh4 Kf6 28. Bc5 Rd8 29. Bd4+ Ke6 30. Be2 Be4 31. Rh6+ Kd5 32. Bxb6 axb6 33.
f3 Bb1 34. Rxh7 Bxa2 35. Rxb7 b5 36. b4 Bc4 37. Re7 Ra8 38. h4 Ra4 39. h5 Rxb4
40. h6 Ra4 41. h7 Ra8 42. g4 Bxe2 43. Rxe2 fxg4 44. fxg4 Rh8 45. Re7 Kd6 46.
Rg7 b4 47. g5 b3 48. g6 Ke5 49. Rf7 b2 50. Rf1 b1=Q 51. Rxb1 Kf6 52. Rb6
1/2-1/2

[Event "37. Open Barberá del Vallés 2014"]
[Site "Barberá del Vallés ESP"]
[Date "2014.07.06"]
[Round "3.24"]
[White "Ryan, Joseph"]
[Black "Balague Camps, Marc"]
[Result "0-1"]
[WhiteElo "2285"]
[BlackElo "2082"]
[PlyCount "86"]
[EventDate "2014.07.04"]
[EventType "swiss"]
[EventRounds "9"]
[EventCountry "ESP"]
[Source "lmi"]
[SourceDate "2014.07.04"]

1. e4 c5 2. Nf3 e6 3. b3 a6 4. Bb2 Nc6 5. g3 d6 6. Bg2 Nf6 7. d3 Be7 8. O-O O-O
9. Re1 e5 10. Nbd2 h6 11. c3 b5 12. d4 Bb7 13. d5 Nb8 14. c4 Nh7 15. h4 Nd7 16.
Bh3 Nb6 17. a4 b4 18. Nf1 Bc8 19. Bxc8 Qxc8 20. Kg2 f5 21. exf5 Qxf5 22. Ne3
Qg6 23. Rh1 Rf7 24. Nd2 Raf8 25. f3 Nf6 26. Qb1 e4 27. Bxf6 Bxf6 28. h5 Qh7 29.
Ra2 Bd4 30. Nd1 exf3+ 31. Kf1 Qxb1 32. Nxb1 Nd7 33. Nf2 Re8 34. Nd3 Rfe7 35.
Rhh2 Re3 36. Rad2 Nf6 37. Rd1 Re2 38. Rd2 R2e3 39. Rd1 Ne4 40. Nf4 Nxg3+ 41.
Kf2 Rd3+ 42. Kxg3 Rxd1 43. Nd2 f2 0-1

[Event "37. Open Barberá del Vallés 2014"]
[Site "Barberá del Vallés ESP"]
[Date "2014.07.06"]
[Round "3.25"]
[White "Jareno Badenas, Aleix"]
[Black "Bas Mas, Jose Joaquin"]
[Result "1/2-1/2"]
[WhiteElo "2064"]
[BlackElo "2278"]
[PlyCount "71"]
[EventDate "2014.07.04"]
[EventType "swiss"]
[EventRounds "9"]
[EventCountry "ESP"]
[Source "lmi"]
[SourceDate "2014.07.04"]

1. e4 e6 2. d4 d5 3. Nc3 Nc6 4. Nf3 Nf6 5. e5 Ne4 6. Bd3 Nxc3 7. bxc3 Be7 8.
O-O O-O 9. a4 Na5 10. Ba3 Bxa3 11. Rxa3 Qe7 12. Ra1 h6 13. Nd2 c5 14. Nb3 Nxb3
15. cxb3 cxd4 16. cxd4 Qb4 17. Rc1 Bd7 18. Bb1 Rac8 19. Qd3 g6 20. Qe3 Kg7 21.
h4 Qe7 22. g3 a5 23. Rxc8 Rxc8 24. Rc1 Rxc1+ 25. Qxc1 Qb4 26. Qf4 Qe1+ 27. Kh2
Qxb1 28. Qf6+ Kg8 29. Qd8+ Kg7 30. Qf6+ Kg8 31. Qd8+ Kh7 32. Qxd7 Qf5 33. Kg1
Qb1+ 34. Kh2 Qf5 35. Kg1 Qb1+ 36. Kh2 1/2-1/2

[Event "37. Open Barberá del Vallés 2014"]
[Site "Barberá del Vallés ESP"]
[Date "2014.07.06"]
[Round "3.26"]
[White "Garcia Acosta, Roger"]
[Black "Canal Oliveras, Joan"]
[Result "0-1"]
[WhiteElo "2054"]
[BlackElo "2250"]
[PlyCount "60"]
[EventDate "2014.07.04"]
[EventType "swiss"]
[EventRounds "9"]
[EventCountry "ESP"]
[Source "lmi"]
[SourceDate "2014.07.04"]

1. e4 e5 2. Nf3 Nc6 3. Bb5 a6 4. Ba4 d6 5. Bxc6+ bxc6 6. d4 exd4 7. Nxd4 Bd7 8.
O-O Nf6 9. Nc3 Be7 10. f4 O-O 11. Qd3 c5 12. Nf3 Bc6 13. Be3 Re8 14. Rad1 Qc8
15. Nd5 Nxd5 16. exd5 Bd7 17. c4 Bf6 18. b3 Bf5 19. Qd2 a5 20. Bf2 Bg4 21. Qd3
a4 22. Rde1 Qf5 23. Qxf5 Bxf5 24. b4 cxb4 25. Bd4 Bxd4+ 26. Nxd4 Bd3 27. Rxe8+
Rxe8 28. Rc1 Re4 29. c5 dxc5 30. Nc6 b3 0-1

[Event "37. Open Barberá del Vallés 2014"]
[Site "Barberá del Vallés ESP"]
[Date "2014.07.06"]
[Round "3.27"]
[White "Diaz Camallonga, Carles"]
[Black "Garcia Ramos, Daniel"]
[Result "1-0"]
[WhiteElo "2235"]
[BlackElo "1975"]
[PlyCount "111"]
[EventDate "2014.07.04"]
[EventType "swiss"]
[EventRounds "9"]
[EventCountry "ESP"]
[Source "lmi"]
[SourceDate "2014.07.04"]

1. Nf3 d5 2. g3 Nf6 3. Bg2 Bf5 4. O-O e6 5. d3 c5 6. Nh4 Bg6 7. Nxg6 hxg6 8. c4
Nc6 9. cxd5 Nxd5 10. Nc3 Nf6 11. Bd2 Qc7 12. Rc1 Rd8 13. Bf4 e5 14. Bg5 Be7 15.
Bxf6 gxf6 16. Nd5 Qd6 17. Nxe7 Kxe7 18. Qa4 Nd4 19. Rfe1 Qb6 20. e3 Ne6 21. Rc3
Qb4 22. Qxa7 Ra8 23. Qxb7+ Qxb7 24. Bxb7 Rxa2 25. b3 Kd6 26. Rb1 Rb8 27. Bg2
Rb4 28. h4 f5 29. Bh3 Nc7 30. Rbc1 Ra5 31. Bg2 Ne6 32. Bf3 Ra3 33. Bd1 Rb8 34.
Rb1 Nc7 35. Rbc1 Ne6 36. h5 gxh5 37. Bxh5 f6 38. Bd1 Ra7 39. Rc4 f4 40. gxf4
exf4 41. d4 cxd4 42. exd4 Rg8+ 43. Kf1 Ra5 44. Bf3 Rag5 45. Ke2 Re8 46. Kd3 Ra5
47. Rb4 Ra6 48. Rb5 Nc7 49. Rbc5 Ne6 50. Rc6+ Rxc6 51. Rxc6+ Ke7 52. Bd5 Ng5
53. Kc4 Rd8 54. b4 f3 55. b5 Kd7 56. Rxf6 1-0

[Event "37. Open Barberá del Vallés 2014"]
[Site "Barberá del Vallés ESP"]
[Date "2014.07.06"]
[Round "3.28"]
[White "Garriga Cazorla, Pere"]
[Black "Ventura Bolet, Alexandre"]
[Result "1-0"]
[WhiteElo "2222"]
[BlackElo "1949"]
[PlyCount "141"]
[EventDate "2014.07.04"]
[EventType "swiss"]
[EventRounds "9"]
[EventCountry "ESP"]
[Source "lmi"]
[SourceDate "2014.07.04"]

1. Nf3 Nf6 2. c4 d6 3. Nc3 e5 4. d4 Nbd7 5. e4 g6 6. Be2 Bg7 7. O-O O-O 8. Bg5
h6 9. Be3 Re8 10. dxe5 dxe5 11. h3 c6 12. Qc1 g5 13. Rd1 Qe7 14. h4 g4 15. Nh2
Nc5 16. Bxh6 Nfxe4 17. Nxe4 Nxe4 18. Bxg7 Kxg7 19. Qe3 f5 20. g3 b6 21. Nxg4
Ng5 22. Qxg5+ Qxg5 23. hxg5 fxg4 24. Rd6 Bf5 25. Rad1 Rh8 26. Rxc6 Rad8 27.
Rdd6 Rxd6 28. Rxd6 Rh5 29. Bd3 e4 30. Bc2 Rxg5 31. Rd5 Kf6 32. b3 e3 33. Bd1
exf2+ 34. Kxf2 Rh5 35. Ke3 Rh2 36. Rd2 Rh1 37. Be2 Rg1 38. Kf2 Rh1 39. Bf1 Be4
40. Be2 Kf5 41. Rd8 Bc6 42. Rf8+ Ke5 43. Bxg4 Rh2+ 44. Ke3 Rxa2 45. Rf5+ Kd6
46. Rf6+ Kc7 47. Rf2 Ra3 48. Bd1 a5 49. Kd4 Ra1 50. Rd2 a4 51. bxa4 Bxa4 52.
Bxa4 Rxa4 53. Kd5 Ra8 54. Ke5 Kc6 55. Rd5 Ra3 56. g4 Rc3 57. Kd4 Rg3 58. g5
Rg4+ 59. Kc3 Rg3+ 60. Kb4 Rg1 61. Rf5 Rb1+ 62. Kc3 Rc1+ 63. Kd4 Rd1+ 64. Ke5
Kc5 65. Rf4 Rg1 66. Kf6 Rc1 67. g6 Rxc4 68. Rxc4+ Kxc4 69. g7 b5 70. g8=Q+ Kc3
71. Ke5 1-0

[Event "37. Open Barberá del Vallés 2014"]
[Site "Barberá del Vallés ESP"]
[Date "2014.07.06"]
[Round "3.29"]
[White "Soto Balastegui, Victor"]
[Black "Capellades Subirana, Marc"]
[Result "1-0"]
[WhiteElo "1962"]
[BlackElo "2211"]
[PlyCount "63"]
[EventDate "2014.07.04"]
[EventType "swiss"]
[EventRounds "9"]
[EventCountry "ESP"]
[Source "lmi"]
[SourceDate "2014.07.04"]

1. d4 Nf6 2. Nf3 d6 3. c4 Nbd7 4. Nc3 e5 5. g3 Be7 6. Bg2 O-O 7. O-O Ne8 8. h4
c6 9. Qc2 f5 10. dxe5 dxe5 11. Rd1 Qc7 12. Ng5 Nc5 13. Bh3 Bxg5 14. Bxg5 f4 15.
Rd8 Bxh3 16. Rxa8 h6 17. Qg6 Qf7 18. Qxf7+ Kxf7 19. Bd8 Nd6 20. Rd1 Nxc4 21. b3
Na3 22. Rxa7 Nc2 23. Bb6 Nd7 24. Rxb7 Ke8 25. a4 fxg3 26. f3 Rf4 27. a5 Nxb6
28. axb6 Nd4 29. Rxg7 Rxf3 30. b7 Kf8 31. b8=Q+ Kxg7 32. Qxe5+ 1-0

[Event "37. Open Barberá del Vallés 2014"]
[Site "Barberá del Vallés ESP"]
[Date "2014.07.06"]
[Round "3.30"]
[White "Andersen, Alf R"]
[Black "Basas Gamazo, Josep"]
[Result "1-0"]
[WhiteElo "2214"]
[BlackElo "2001"]
[PlyCount "73"]
[EventDate "2014.07.04"]
[EventType "swiss"]
[EventRounds "9"]
[EventCountry "ESP"]
[Source "lmi"]
[SourceDate "2014.07.04"]

1. e4 c5 2. f4 d6 3. Nf3 Nc6 4. c3 g6 5. d4 cxd4 6. cxd4 Bg7 7. d5 Nb8 8. Nc3
Nf6 9. Bd3 O-O 10. O-O Nbd7 11. Kh1 Qb6 12. Qe2 a6 13. Be3 Qa5 14. a3 Qd8 15.
Rac1 e6 16. dxe6 fxe6 17. Ng5 Re8 18. Bc4 Nf8 19. e5 dxe5 20. fxe5 N6d7 21. Nf7
Qh4 22. Bg5 Qh5 23. g4 Qh3 24. Rf3 Qxg4 25. Nh6+ Bxh6 26. Rxf8+ Bxf8 27. Qxg4
Nxe5 28. Qh4 Nxc4 29. Ne4 Bg7 30. Rxc4 Bd7 31. Nf6+ Bxf6 32. Bxf6 Bc6+ 33. Kg1
Rf8 34. Rf4 Rf7 35. Be5 Rxf4 36. Bxf4 Rf8 37. Bh6 1-0

[Event "37. Open Barberá del Vallés 2014"]
[Site "Barberá del Vallés ESP"]
[Date "2014.07.06"]
[Round "3.31"]
[White "Fernandez Aguilar, Francisco"]
[Black "Rojano Alfonso, Carlos"]
[Result "1/2-1/2"]
[WhiteElo "2049"]
[BlackElo "2213"]
[PlyCount "67"]
[EventDate "2014.07.04"]
[EventType "swiss"]
[EventRounds "9"]
[EventCountry "ESP"]
[Source "lmi"]
[SourceDate "2014.07.04"]

1. e4 Nc6 2. Nf3 e5 3. Bb5 a6 4. Ba4 Nf6 5. Qe2 b5 6. Bb3 Be7 7. O-O O-O 8. c3
d5 9. d3 Re8 10. a3 h6 11. Nbd2 Bf8 12. Re1 Be6 13. Ba2 Qd7 14. Nf1 Rad8 15.
Ng3 a5 16. Nh4 dxe4 17. Bxe6 Rxe6 18. dxe4 Qd3 19. Qxd3 Rxd3 20. Nhf5 Re8 21.
f3 a4 22. Kf1 Red8 23. Ke2 Bc5 24. Nf1 Na5 25. Be3 Bxe3 26. N5xe3 Nb3 27. Rad1
Nc5 28. g3 R8d6 29. Rxd3 Nxd3 30. Rb1 Nc5 31. Rd1 Ne8 32. Rd5 Rxd5 33. Nxd5 Kf8
34. Nfe3 1/2-1/2

[Event "37. Open Barberá del Vallés 2014"]
[Site "Barberá del Vallés ESP"]
[Date "2014.07.06"]
[Round "3.32"]
[White "Chalmeta Ugas, Jordi"]
[Black "Castells Briones, Miquel"]
[Result "1-0"]
[WhiteElo "2187"]
[BlackElo "1979"]
[PlyCount "113"]
[EventDate "2014.07.04"]
[EventType "swiss"]
[EventRounds "9"]
[EventCountry "ESP"]
[Source "lmi"]
[SourceDate "2014.07.04"]

1. d4 Nf6 2. c4 e6 3. Nc3 Bb4 4. Qc2 Nc6 5. Nf3 d6 6. a3 Bxc3+ 7. Qxc3 a5 8.
Bg5 h6 9. Bh4 g5 10. Bg3 Ne4 11. Qc2 Nxg3 12. hxg3 g4 13. d5 exd5 14. cxd5 Ne7
15. Qc3 Rg8 16. Nd4 Nxd5 17. Qb3 Qg5 18. e3 c6 19. Bc4 a4 20. Qc2 Rg6 21. O-O-O
Ra5 22. Kb1 Nb6 23. Ka1 Kf8 24. Ba2 Bd7 25. Qc3 Ra6 26. f4 gxf3 27. gxf3 Qf6
28. Rh4 c5 29. Rf4 cxd4 30. Rdxd4 Qxf4 31. Rxf4 d5 32. Qc5+ Kg8 33. Bxd5 Nxd5
34. Qxd5 Be6 35. Qxb7 Ra5 36. Rd4 Bb3 37. Kb1 Rh5 38. Kc1 Kh7 39. Kd2 Rh2+ 40.
Kd3 Rxb2 41. Qc7 Rc2 42. Qe5 Rgc6 43. Rg4 Rg6 44. Rxg6 fxg6 45. Qe7+ Kg8 46.
Qe8+ Kg7 47. Qe7+ Kg8 48. e4 Rf2 49. Qd8+ Kf7 50. Qd7+ Kg8 51. Ke3 Ra2 52. Qe8+
Kh7 53. Qe7+ Kg8 54. e5 Ra1 55. Kf4 Re1 56. g4 Bc2 57. Qd8+ 1-0